[Event "Pan American U14"]
[Site "Bento Goncalves"]
[Date "2010.08.05"]
[Round "6"]
[White "Supi, Luis Paulo"]
[Black "Gorbena Pena, Luis Andres"]
[Result "1/2-1/2"]
[WhiteElo "2160"]
[BlackElo "1978"]
[PlyCount "67"]
[EventDate "2010.08.02"]
[EventType "swiss"]
[EventRounds "9"]
[EventCountry "BRA"]
[SourceTitle "EXT 2013"]
[Source "ChessBase"]
[SourceDate "2012.11.22"]
[SourceVersion "1"]
[SourceVersionDate "2012.11.22"]
[SourceQuality "1"]

1. e4 e6 2. d4 d5 3. e5 c5 4. c3 Nc6 5. Nf3 Nge7 6. a3 cxd4 7. cxd4 Nf5 8. b4
a6 9. Be3 Be7 10. Bd3 O-O 11. O-O Nxe3 12. fxe3 f5 13. exf6 Bxf6 14. Nc3 g6 15.
Rc1 Kh8 16. Bb1 Bg7 17. Qd3 Bh6 18. Rce1 b5 19. e4 Ra7 20. Ba2 Rd7 21. Kh1 Bg7
22. Rd1 Re8 23. Rfe1 dxe4 24. Qxe4 Nxd4 25. Ne5 Bb7 26. Qe3 Ree7 27. Nxd7 Rxd7
28. Qf2 e5 29. Ne4 Bxe4 30. Rxe4 Rc7 31. Qe3 Qd6 32. Bb1 Re7 33. h3 Rd7 34. Qd3
{resto ilegível} 1/2-1/2

[Event "Pan American U14"]
[Site "Bento Goncalves"]
[Date "2010.08.06"]
[Round "7"]
[White "Supi, Luis Paulo"]
[Black "Novoa, Fernando"]
[Result "0-1"]
[WhiteElo "2160"]
[BlackElo "1927"]
[PlyCount "88"]
[EventDate "2010.08.02"]
[EventType "swiss"]
[EventRounds "9"]
[EventCountry "BRA"]
[SourceTitle "EXT 2013"]
[Source "ChessBase"]
[SourceDate "2012.11.22"]
[SourceVersion "1"]
[SourceVersionDate "2012.11.22"]
[SourceQuality "1"]

1. e4 c5 2. f4 Nc6 3. Nf3 d5 4. exd5 Qxd5 5. Nc3 Qd8 6. Bb5 Bd7 7. Qe2 Nf6 8.
Ne4 Nxe4 9. Qxe4 Qc7 10. O-O h6 11. Bc4 e6 12. f5 e5 13. c3 Be7 14. Re1 f6 15.
Nh4 O-O-O 16. Ng6 Rh7 17. d3 Bd6 18. Be3 Kb8 19. Bd5 Ne7 20. Nxe7 Bxe7 21. Bf7
Bd6 22. Be6 h5 23. Qh4 Rhh8 24. Rf1 Be7 25. Rad1 Bb5 26. Bc4 Bc6 27. a3 Bd5 28.
Qg3 Bxc4 29. dxc4 Bd6 30. Qf3 e4 31. Qxe4 Bxh2+ 32. Kh1 h4 33. Rxd8+ Rxd8 34.
Qxh4 Be5 35. Qh5 Qc8 36. Kg1 Rh8 37. Qg4 Qc7 38. Rd1 Qe7 39. Bf4 Qc7 40. Be3
Qe7 41. Rd5 Bh2+ 42. Kf2 Bg1+ 43. Kg3 Qxe3+ 44. Qf3 Bh2+ 0-1

[Event "Pan American U14"]
[Site "Bento Goncalves"]
[Date "2010.08.06"]
[Round "8"]
[White "Coripuna Andrade, Crysthian Omar"]
[Black "Supi, Luis Paulo"]
[Result "0-1"]
[WhiteElo "1863"]
[BlackElo "2160"]
[PlyCount "49"]
[EventDate "2010.08.02"]
[EventType "swiss"]
[EventRounds "9"]
[EventCountry "BRA"]
[SourceTitle "EXT 2013"]
[Source "ChessBase"]
[SourceDate "2012.11.22"]
[SourceVersion "1"]
[SourceVersionDate "2012.11.22"]
[SourceQuality "1"]

1. e4 c5 2. Nf3 Nc6 3. Bb5 Nf6 4. Bxc6 dxc6 5. d3 Bg4 6. Bf4 Nd7 7. h3 Bh5 8.
Nc3 e5 9. Be3 Bd6 10. g4 Bg6 11. Qd2 Nf8 12. Ne2 Ne6 13. c3 Qa5 14. Qc2 O-O-O
15. Qb3 Qa6 16. c4 f6 17. Nc3 Nd4 18. Bxd4 exd4 19. Ne2 Bf7 20. Qc2 h5 21. Rg1
hxg4 22. hxg4 Qa5+ 23. Nd2 Rh2 24. a3 Be6 25. Kf1 {resto ilegível} 0-1

[Event "Pan American U14"]
[Site "Bento Goncalves"]
[Date "2010.08.07"]
[Round "9"]
[White "Caceres Recalde, Fernando"]
[Black "Supi, Luis Paulo"]
[Result "1/2-1/2"]
[WhiteElo "1942"]
[BlackElo "2160"]
[PlyCount "66"]
[EventDate "2010.08.02"]
[EventType "swiss"]
[EventRounds "9"]
[EventCountry "BRA"]
[SourceTitle "EXT 2013"]
[Source "ChessBase"]
[SourceDate "2012.11.22"]
[SourceVersion "1"]
[SourceVersionDate "2012.11.22"]
[SourceQuality "1"]

1. e4 c5 2. Nf3 Nc6 3. d4 cxd4 4. Nxd4 Nf6 5. Nc3 e5 6. Ndb5 d6 7. Bg5 a6 8.
Na3 b5 9. Nd5 Be7 10. Bxf6 Bxf6 11. c3 Bg5 12. Nc2 Ne7 13. Nxe7 Qxe7 14. Bd3
O-O 15. O-O Qb7 16. Qe2 Be6 17. Ne3 Rab8 18. Rfd1 Qb6 19. Nf5 g6 20. Ng3 a5 21.
Bc2 b4 22. c4 Qc5 23. b3 Bd8 24. Nf1 f5 25. exf5 gxf5 26. Ne3 Rb7 27. Nd5 f4
28. Be4 Rg7 29. Kh1 Bh4 30. g3 fxg3 31. fxg3 Bg4 32. Qe3 Bxd1 33. Rxd1 Bg5
1/2-1/2

[Event "Bauru op U2200"]
[Site "Bauru"]
[Date "2010.09.17"]
[Round "1"]
[White "Supi, Luis Paulo"]
[Black "Ramillo, Vitoria Matheus"]
[Result "1/2-1/2"]
[WhiteElo "2150"]
[BlackElo "1655"]
[PlyCount "68"]
[EventDate "2010.09.??"]
[EventType "swiss"]
[EventRounds "6"]
[EventCountry "BRA"]
[SourceTitle "EXT 2014"]
[Source "ChessBase"]
[SourceDate "2013.11.20"]
[SourceVersion "1"]
[SourceVersionDate "2013.11.20"]
[SourceQuality "1"]

1. d4 Nf6 2. Bg5 e6 3. e4 h6 4. Bxf6 Qxf6 5. Nc3 Bb4 6. Qd2 Nc6 7. e5 Qe7 8. h3
Bxc3 9. Qxc3 d6 10. Nf3 Bd7 11. Bd3 dxe5 12. dxe5 a6 13. Be4 O-O-O 14. b4 f5
15. Bd3 g5 16. O-O-O g4 17. Nd2 Na7 18. Nb3 Bc6 19. Rhg1 Qh4 20. Qc5 Kb8 21.
Bc4 Qxf2 22. Bxe6 Rxd1+ 23. Rxd1 Re8 24. Bf7 Qf4+ 25. Kb1 b6 26. g3 Qxe5 27.
Rd8+ Kb7 28. Na5+ bxa5 29. Bxe8 Qe1+ 30. Kb2 Bxe8 31. Qf8 Qe5+ 32. Kc1 Qe1+ 33.
Kb2 Qe4 34. Kc1 Qe1+ 1/2-1/2

[Event "Bauru op U2200"]
[Site "Bauru"]
[Date "2010.09.18"]
[Round "3"]
[White "Supi, Luis Paulo"]
[Black "Cirilo, Guilherme de Araujo"]
[Result "1-0"]
[WhiteElo "2150"]
[BlackElo "1885"]
[PlyCount "47"]
[EventDate "2010.09.??"]
[EventType "swiss"]
[EventRounds "6"]
[EventCountry "BRA"]
[SourceTitle "EXT 2014"]
[Source "ChessBase"]
[SourceDate "2013.11.20"]
[SourceVersion "1"]
[SourceVersionDate "2013.11.20"]
[SourceQuality "1"]

1. d4 d5 2. c4 e6 3. Nf3 c6 4. e3 Nf6 5. Nc3 Bd6 6. Qc2 Nbd7 7. b3 O-O 8. Be2
a6 9. O-O b5 10. e4 dxe4 11. Nxe4 Bb8 12. Ba3 Re8 13. Nd6 Bxd6 14. Bxd6 h6 15.
Ne5 Nxe5 16. dxe5 Nh7 17. cxb5 cxb5 18. Bf3 Ra7 19. Qc5 Rd7 20. Bc6 Rxd6 21.
exd6 Bd7 22. a4 Nf6 23. axb5 axb5 24. Qxb5 1-0

[Event "Bauru op U2200"]
[Site "Bauru"]
[Date "2010.09.18"]
[Round "4"]
[White "Dos Santos, Tiago Augusto"]
[Black "Supi, Luis Paulo"]
[Result "1/2-1/2"]
[WhiteElo "2034"]
[BlackElo "2150"]
[PlyCount "125"]
[EventDate "2010.09.??"]
[EventType "swiss"]
[EventRounds "6"]
[EventCountry "BRA"]
[SourceTitle "EXT 2014"]
[Source "ChessBase"]
[SourceDate "2013.11.20"]
[SourceVersion "1"]
[SourceVersionDate "2013.11.20"]
[SourceQuality "1"]

1. e4 c5 2. Nf3 Nc6 3. d4 cxd4 4. Nxd4 Nf6 5. Nc3 e5 6. Nf5 d5 7. exd5 Bxf5 8.
dxc6 Qxd1+ 9. Nxd1 bxc6 10. Ne3 Be6 11. Nc4 Nd7 12. Be3 f6 13. O-O-O Bd5 14.
Rg1 Be7 15. Be2 Kd8 16. Na5 Kc7 17. c4 Be4 18. f3 Bg6 19. f4 Bb4 20. Nb3 a5 21.
fxe5 fxe5 22. Nd2 a4 23. Nf3 a3 24. b3 Bc3 25. Nh4 Be4 26. Bf3 Nf6 27. Bxe4
Bb2+ 28. Kc2 Nxe4 29. Rgf1 Rhf8 30. Bd2 Nxd2 31. Rxf8 Rxf8 32. Rxd2 e4 33. g4
Rf1 34. b4 Rc1+ 35. Kb3 Rc3+ 36. Ka4 Rxc4 37. Nf5 Be5 38. Re2 g6 39. Ne3 Rc3
40. Nd1 Rh3 41. Rxe4 Bxh2 42. Ne3 Kd6 43. Nc2 Rh4 44. Rd4+ Ke6 45. Rc4 Kd7 46.
Nxa3 h5 47. gxh5 Rxc4 48. Nxc4 gxh5 49. Ne3 h4 50. Nf1 Bg1 51. Kb3 h3 52. a4
Ke6 53. b5 cxb5 54. axb5 Kf5 55. Kc3 Ke4 56. Kd2 Kf3 57. Ke1 Bb6 58. Nh2+ Kg3
59. Nf1+ Kg2 60. Ke2 Kg1 61. Kf3 Ba5 62. Kg4 Kxf1 63. Kxh3 1/2-1/2

[Event "Bauru op U2200"]
[Site "Bauru"]
[Date "2010.09.19"]
[Round "5"]
[White "Supi, Luis Paulo"]
[Black "Pires, Marcos Vinicius Tor"]
[Result "1-0"]
[WhiteElo "2150"]
[BlackElo "1558"]
[PlyCount "39"]
[EventDate "2010.09.??"]
[EventType "swiss"]
[EventRounds "6"]
[EventCountry "BRA"]
[SourceTitle "EXT 2014"]
[Source "ChessBase"]
[SourceDate "2013.11.20"]
[SourceVersion "1"]
[SourceVersionDate "2013.11.20"]
[SourceQuality "1"]

1. e4 c5 2. Nc3 d6 3. Nf3 Nf6 4. d4 cxd4 5. Nxd4 a6 6. Bg5 e6 7. f4 Qc7 8. Qe2
b5 9. Bxf6 gxf6 10. a3 h5 11. g3 Be7 12. Bh3 Nc6 13. O-O-O Bd7 14. Nxc6 Qxc6
15. f5 Qc5 16. Qd3 b4 17. axb4 Qxb4 18. fxe6 fxe6 19. e5 Rb8 20. exd6 1-0

[Event "Bauru op U2200"]
[Site "Bauru"]
[Date "2010.09.19"]
[Round "6"]
[White "Oliveira, Fernando Henrique"]
[Black "Supi, Luis Paulo"]
[Result "1/2-1/2"]
[WhiteElo "1987"]
[BlackElo "2150"]
[PlyCount "34"]
[EventDate "2010.09.??"]
[EventType "swiss"]
[EventRounds "6"]
[EventCountry "BRA"]
[SourceTitle "EXT 2014"]
[Source "ChessBase"]
[SourceDate "2013.11.20"]
[SourceVersion "1"]
[SourceVersionDate "2013.11.20"]
[SourceQuality "1"]

1. d4 Nf6 2. c4 c5 3. d5 b5 4. cxb5 a6 5. bxa6 Bxa6 6. Nc3 g6 7. Nf3 Bg7 8. g3
O-O 9. Bg2 d6 10. O-O Nbd7 11. Rb1 Ra7 12. b3 Qa8 13. a4 Rb8 14. Bb2 Rab7 15.
Ba1 c4 16. Nd4 cxb3 17. Rxb3 Rxb3 1/2-1/2

[Event "Sao Paulo op"]
[Site "Sao Paulo"]
[Date "2010.11.26"]
[Round "2"]
[White "Supi, Luis Paulo"]
[Black "Oliveira, Silvio Eduardo"]
[Result "0-1"]
[WhiteElo "2148"]
[BlackElo "2378"]
[PlyCount "43"]
[EventDate "2010.11.26"]
[EventType "swiss"]
[EventRounds "6"]
[EventCountry "BRA"]
[SourceTitle "EXT 2012"]
[Source "ChessBase"]
[SourceDate "2011.11.24"]
[SourceVersion "1"]
[SourceVersionDate "2011.11.24"]
[SourceQuality "1"]

1. e4 c5 2. Nc3 Nc6 3. Bb5 Nd4 4. Nf3 a6 5. Bd3 e6 6. Nxd4 cxd4 7. Ne2 Bc5 8.
O-O Ne7 9. c3 Nc6 10. b4 Ba7 11. a4 O-O 12. Ba3 Ne5 13. Bb1 dxc3 14. dxc3 Re8
15. Qd6 Qf6 16. Bc1 Bb8 17. Qd4 Qh4 18. h3 f6 19. Bc2 g5 20. Qe3 g4 21. Nf4 Bc7
22. Qe2 0-1

[Event "Sao Paulo op"]
[Site "Sao Paulo"]
[Date "2010.11.27"]
[Round "3"]
[White "Garcia, Liria Caetano"]
[Black "Supi, Luis Paulo"]
[Result "0-1"]
[WhiteElo "1959"]
[BlackElo "2148"]
[PlyCount "64"]
[EventDate "2010.11.26"]
[EventType "swiss"]
[EventRounds "6"]
[EventCountry "BRA"]
[SourceTitle "EXT 2012"]
[Source "ChessBase"]
[SourceDate "2011.11.24"]
[SourceVersion "1"]
[SourceVersionDate "2011.11.24"]
[SourceQuality "1"]

1. d4 d5 2. c4 c6 3. Nc3 e6 4. e3 Bd6 5. Nf3 f5 6. g3 Nf6 7. Bg2 O-O 8. b3 Ne4
9. Bb2 Bb4 10. Qc2 Qa5 11. Rc1 Qxa2 12. O-O Qa5 13. Ra1 Qd8 14. c5 Ba5 15. Ra4
Bc7 16. Rfa1 a6 17. b4 Bd7 18. Ne2 Be8 19. Nf4 Qe7 20. Bf1 g5 21. Nd3 Nd7 22.
Nde5 f4 23. exf4 gxf4 24. g4 Qg7 25. h3 h5 26. Kh2 Nxe5 27. Nxe5 Bxe5 28. dxe5
hxg4 29. hxg4 Qh6+ 30. Bh3 Ng5 31. Qd3 Bg6 32. Qf1 Nf3+ 0-1

[Event "Sao Paulo op"]
[Site "Sao Paulo"]
[Date "2010.11.27"]
[Round "4"]
[White "Supi, Luis Paulo"]
[Black "Neubauer, Martin"]
[Result "0-1"]
[WhiteElo "2148"]
[BlackElo "2432"]
[PlyCount "41"]
[EventDate "2010.11.26"]
[EventType "swiss"]
[EventRounds "6"]
[EventCountry "BRA"]
[SourceTitle "EXT 2012"]
[Source "ChessBase"]
[SourceDate "2011.11.24"]
[SourceVersion "1"]
[SourceVersionDate "2011.11.24"]
[SourceQuality "1"]

1. e4 c5 2. Nf3 d6 3. d4 cxd4 4. Nxd4 Nf6 5. Nc3 a6 6. Bg5 Nbd7 7. f4 e5 8. Nf5
Qb6 9. Bc4 Qxb2 10. Nd5 Nxd5 11. Qxd5 f6 12. O-O fxg5 13. Nxg7+ Bxg7 14. Qf7+
Kd8 15. Qxg7 Re8 16. Be6 gxf4 17. Rfd1 Kc7 18. Rab1 Qa3 19. Rd3 Qc5+ 20. Kh1
Rxe6 21. h3 0-1

[Event "Sao Paulo op"]
[Site "Sao Paulo"]
[Date "2010.11.28"]
[Round "5"]
[White "Pace, Angelo Marcio de Si"]
[Black "Supi, Luis Paulo"]
[Result "0-1"]
[WhiteElo "2036"]
[BlackElo "2148"]
[PlyCount "38"]
[EventDate "2010.11.26"]
[EventType "swiss"]
[EventRounds "6"]
[EventCountry "BRA"]
[SourceTitle "EXT 2012"]
[Source "ChessBase"]
[SourceDate "2011.11.24"]
[SourceVersion "1"]
[SourceVersionDate "2011.11.24"]
[SourceQuality "1"]

1. d4 Nf6 2. Bf4 g6 3. Nf3 Bg7 4. Nc3 c5 5. e3 O-O 6. Be2 d6 7. Qd2 Nbd7 8.
O-O-O Rb8 9. Kb1 b5 10. Nxb5 Qb6 11. c4 Ne4 12. Qe1 a6 13. a4 axb5 14. cxb5 Ra8
15. b3 e5 16. dxe5 dxe5 17. Bg3 Nxg3 18. hxg3 e4 19. Ng5 Qf6 0-1

[Event "Sao Paulo op"]
[Site "Sao Paulo"]
[Date "2010.11.28"]
[Round "6"]
[White "Supi, Luis Paulo"]
[Black "Brandao, Renan Alves"]
[Result "1/2-1/2"]
[WhiteElo "2148"]
[BlackElo "2056"]
[PlyCount "63"]
[EventDate "2010.11.26"]
[EventType "swiss"]
[EventRounds "6"]
[EventCountry "BRA"]
[SourceTitle "EXT 2012"]
[Source "ChessBase"]
[SourceDate "2011.11.24"]
[SourceVersion "1"]
[SourceVersionDate "2011.11.24"]
[SourceQuality "1"]

1. d4 Nf6 2. c4 e6 3. Nf3 b6 4. g3 Ba6 5. Qa4 Bb7 6. Bg2 c5 7. dxc5 bxc5 8. O-O
Be7 9. Nc3 O-O 10. Rd1 Qb6 11. Bf4 Rd8 12. a3 d6 13. Rab1 Bc6 14. Qc2 a5 15.
Ne1 h6 16. Be3 Ng4 17. Bf4 Nf6 18. h3 Bxg2 19. Nxg2 Nc6 20. Be3 e5 21. Nh4 Nd4
22. Bxd4 exd4 23. Nf5 Bf8 24. Ne4 Nd7 25. Nh4 Re8 26. Re1 Qc6 27. Nd2 a4 28.
Ng2 Nf6 29. Nf4 Ra7 30. Qd3 Rae7 31. b4 cxb4 32. Rxb4 1/2-1/2

[Event "Maringa op"]
[Site "Maringa"]
[Date "2011.07.01"]
[Round "2"]
[White "Supi, Luis Paulo"]
[Black "Rogani, Bruno"]
[Result "1-0"]
[WhiteElo "2168"]
[BlackElo "1912"]
[PlyCount "91"]
[EventDate "2011.06.30"]
[EventType "swiss"]
[EventRounds "7"]
[EventCountry "BRA"]
[SourceTitle "EXT 2014"]
[Source "ChessBase"]
[SourceDate "2013.11.20"]
[SourceVersion "1"]
[SourceVersionDate "2013.11.20"]
[SourceQuality "1"]

1. d4 Nf6 2. c4 e5 3. dxe5 Ng4 4. Bf4 Nc6 5. Nf3 Bb4+ 6. Nbd2 Qe7 7. a3 Bxd2+
8. Qxd2 Ngxe5 9. Nxe5 Nxe5 10. e3 d6 11. Be2 O-O 12. O-O b6 13. b4 Bb7 14. Rac1
Rfd8 15. Qc3 Ng6 16. Bg3 Nh4 17. c5 dxc5 18. bxc5 Nf5 19. Qe5 Qxe5 20. Bxe5 Rd2
21. Rfe1 c6 22. Rcd1 Rad8 23. Bc7 Rxd1 24. Bxd1 Ra8 25. Bc2 g6 26. Rb1 b5 27.
Rd1 Kf8 28. Bb3 Ke7 29. Be5 Bc8 30. e4 Nh6 31. Rd6 Bb7 32. Bf4 Ng8 33. e5 a5
34. e6 fxe6 35. Bg5+ Kf8 36. Bxe6 Re8 37. Bd2 a4 38. Bd7 Rd8 39. Ba5 Ra8 40.
Bb4 Ne7 41. f4 Nd5 42. Rxd5 cxd5 43. c6+ Kf7 44. cxb7 Rb8 45. Bc8 d4 46. Kf2
1-0

[Event "Maringa op"]
[Site "Maringa"]
[Date "2011.07.01"]
[Round "3"]
[White "Fier, Alexandr"]
[Black "Supi, Luis Paulo"]
[Result "1/2-1/2"]
[WhiteElo "2566"]
[BlackElo "2168"]
[PlyCount "53"]
[EventDate "2011.06.30"]
[EventType "swiss"]
[EventRounds "7"]
[EventCountry "BRA"]
[SourceTitle "EXT 2014"]
[Source "ChessBase"]
[SourceDate "2013.11.20"]
[SourceVersion "1"]
[SourceVersionDate "2013.11.20"]
[SourceQuality "1"]

1. e4 c5 2. Nf3 Nc6 3. Nc3 Nf6 4. Bb5 Qc7 5. O-O Nd4 6. Nxd4 cxd4 7. Nd5 Nxd5
8. exd5 Qc5 9. c4 a6 10. Ba4 Qxc4 11. Bb3 Qc7 12. d3 d6 13. Re1 h6 14. Qf3 Bd7
15. Bd2 g5 16. Qf6 Rg8 17. Qxd4 Bg7 18. Qe4 Bf6 19. Bc3 Kf8 20. Bxf6 exf6 21.
Qh7 Qd8 22. Re6 fxe6 23. Qxh6+ Ke7 24. dxe6 Qf8 25. Qxf8+ Rgxf8 26. exd7 Kxd7
27. Bd5 1/2-1/2

[Event "Maringa op"]
[Site "Maringa"]
[Date "2011.07.02"]
[Round "4"]
[White "Supi, Luis Paulo"]
[Black "De Toledo, James Mann"]
[Result "1/2-1/2"]
[WhiteElo "2168"]
[BlackElo "2394"]
[PlyCount "70"]
[EventDate "2011.06.30"]
[EventType "swiss"]
[EventRounds "7"]
[EventCountry "BRA"]
[SourceTitle "EXT 2014"]
[Source "ChessBase"]
[SourceDate "2013.11.20"]
[SourceVersion "1"]
[SourceVersionDate "2013.11.20"]
[SourceQuality "1"]

1. e4 c5 2. Nf3 e6 3. d4 cxd4 4. Nxd4 a6 5. Bd3 Ne7 6. O-O Nbc6 7. Nxc6 Nxc6 8.
c4 Be7 9. Nc3 O-O 10. Be3 Rb8 11. Qe2 d6 12. f4 Bd7 13. g4 Nb4 14. Bb1 b5 15.
cxb5 axb5 16. g5 e5 17. Qg2 exf4 18. Bxf4 Be6 19. a3 Nc6 20. Ba2 b4 21. axb4
Bxa2 22. Rxa2 Nxb4 23. Ra7 Nd3 24. Nd5 Nxf4 25. Nxe7+ Qxe7 26. Rxe7 Nxg2 27.
Kxg2 Rxb2+ 28. Rf2 Rxf2+ 29. Kxf2 Rd8 30. h4 Kf8 31. Ra7 Ke8 32. Kf3 g6 33. Kf4
Kf8 34. Rc7 Re8 35. Rd7 Re6 1/2-1/2

[Event "Maringa op"]
[Site "Maringa"]
[Date "2011.07.02"]
[Round "5"]
[White "Lima, Allan Gadelha Zaida"]
[Black "Supi, Luis Paulo"]
[Result "0-1"]
[WhiteElo "2015"]
[BlackElo "2168"]
[PlyCount "98"]
[EventDate "2011.06.30"]
[EventType "swiss"]
[EventRounds "7"]
[EventCountry "BRA"]
[SourceTitle "EXT 2014"]
[Source "ChessBase"]
[SourceDate "2013.11.20"]
[SourceVersion "1"]
[SourceVersionDate "2013.11.20"]
[SourceQuality "1"]

1. d4 Nf6 2. Nf3 g6 3. c4 Bg7 4. Nc3 d5 5. cxd5 Nxd5 6. Bd2 O-O 7. e4 Nb6 8.
Be2 Bg4 9. Be3 Bxf3 10. Bxf3 Nc6 11. e5 Qe8 12. Qe2 Rd8 13. Rd1 f5 14. Bxc6
Qxc6 15. f4 Nd5 16. Nxd5 Qxd5 17. Rc1 c6 18. Qc4 e6 19. Qxd5 Rxd5 20. Ke2 Rfd8
21. Rc4 Bf8 22. Rhc1 Be7 23. Bf2 R8d7 24. Be3 Kf7 25. Bf2 h6 26. Be3 g5 27. g3
Rd8 28. Kf3 Kg6 29. R1c2 Rh8 30. Bd2 Rhd8 31. Be3 Rh8 32. Bd2 Re8 33. Bb4 b5
34. Bxe7 bxc4 35. Bc5 Rb8 36. Ke3 Kh5 37. a3 a5 38. fxg5 hxg5 39. h3 Rb3+ 40.
Kf2 f4 41. gxf4 gxf4 42. Rxc4 Rxh3 43. Rc1 Kg4 44. Rg1+ Rg3 45. Rh1 Rd7 46. Rh6
Kf5 47. Rf6+ Ke4 48. Rxe6 Rh7 49. Rf6 Rh2+ 0-1

[Event "Maringa op"]
[Site "Maringa"]
[Date "2011.07.03"]
[Round "6"]
[White "Supi, Luis Paulo"]
[Black "Perdomo, Leandro Daniel"]
[Result "1/2-1/2"]
[WhiteElo "2168"]
[BlackElo "1946"]
[PlyCount "22"]
[EventDate "2011.06.30"]
[EventType "swiss"]
[EventRounds "7"]
[EventCountry "BRA"]
[SourceTitle "EXT 2014"]
[Source "ChessBase"]
[SourceDate "2013.11.20"]
[SourceVersion "1"]
[SourceVersionDate "2013.11.20"]
[SourceQuality "1"]

1. e4 e5 2. Nf3 Nc6 3. Nc3 Nf6 4. d4 exd4 5. Nxd4 Bb4 6. Nxc6 bxc6 7. Bd3 d5 8.
exd5 Qe7+ 9. Qe2 cxd5 10. Qxe7+ Kxe7 11. O-O Re8 1/2-1/2

[Event "Maringa op"]
[Site "Maringa"]
[Date "2011.07.03"]
[Round "7"]
[White "Tsuboi, Edson Kenji"]
[Black "Supi, Luis Paulo"]
[Result "1/2-1/2"]
[WhiteElo "2357"]
[BlackElo "2168"]
[PlyCount "84"]
[EventDate "2011.06.30"]
[EventType "swiss"]
[EventRounds "7"]
[EventCountry "BRA"]
[SourceTitle "EXT 2014"]
[Source "ChessBase"]
[SourceDate "2013.11.20"]
[SourceVersion "1"]
[SourceVersionDate "2013.11.20"]
[SourceQuality "1"]

1. c4 g6 2. g3 Bg7 3. Nc3 c5 4. Bg2 Nc6 5. Nf3 d6 6. O-O e5 7. d3 Nge7 8. Ne1
Be6 9. Nd5 O-O 10. Nc2 Rb8 11. a4 Qd7 12. Bg5 f6 13. Bd2 Bh3 14. Nxe7+ Nxe7 15.
b4 Bxg2 16. Kxg2 f5 17. e4 f4 18. f3 h5 19. h3 g5 20. g4 Kf7 21. Be1 Rh8 22.
Bf2 Rbc8 23. Qd2 Rh6 24. a5 Rch8 25. Rh1 Qc8 26. Na3 R8h7 27. Rab1 b6 28. axb6
axb6 29. Nb5 Nc6 30. bxc5 dxc5 31. Nc3 Nd4 32. Bxd4 exd4 33. Nd5 Qh8 34. Rxb6
hxg4 35. Rb7+ Kg6 36. Rb6+ Kf7 37. Rb7+ Kg6 38. Ne7+ Kf6 39. Qa5 gxf3+ 40. Kf2
Kf7 41. Qxc5 Qa8 42. Qd5+ Re6 1/2-1/2

[Event "Pindamonhangaba op"]
[Site "Pindamonhangaba"]
[Date "2011.07.15"]
[Round "2"]
[White "Supi, Luis Paulo"]
[Black "Martins, Anmartom Mugabe Lou"]
[Result "1-0"]
[WhiteElo "2168"]
[BlackElo "2020"]
[PlyCount "71"]
[EventDate "2011.07.15"]
[EventType "swiss"]
[EventRounds "5"]
[EventCountry "BRA"]
[SourceTitle "EXT 2014"]
[Source "ChessBase"]
[SourceDate "2013.11.20"]
[SourceVersion "1"]
[SourceVersionDate "2013.11.20"]
[SourceQuality "1"]

1. e4 c5 2. Nf3 d6 3. d4 cxd4 4. Nxd4 Nf6 5. Nc3 e5 6. Bb5+ Bd7 7. Bxd7+ Qxd7
8. Nde2 h6 9. O-O Be7 10. Ng3 g6 11. h3 Kf8 12. f4 Kg7 13. Be3 Na6 14. Qd2 Nc7
15. Rf3 Qc6 16. Raf1 b5 17. Qf2 Rhf8 18. Qd2 Rh8 19. Qf2 Rhf8 20. Kh1 b4 21.
fxe5 dxe5 22. Nd5 Nfxd5 23. Rxf7+ Kg8 24. Bxh6 Bc5 25. exd5 Bxf2 26. Rxf8+ Rxf8
27. dxc6 Rf7 28. Ne4 Bd4 29. Rd1 Nb5 30. c3 bxc3 31. bxc3 Nxc3 32. Nxc3 Bxc3
33. Rd8+ Kh7 34. Rd7 Kg8 35. Rxf7 Kxf7 36. c7 1-0

[Event "Pindamonhangaba op"]
[Site "Pindamonhangaba"]
[Date "2011.07.15"]
[Round "3"]
[White "Terao, Rodrigo Akira"]
[Black "Supi, Luis Paulo"]
[Result "1/2-1/2"]
[WhiteElo "2352"]
[BlackElo "2168"]
[PlyCount "48"]
[EventDate "2011.07.15"]
[EventType "swiss"]
[EventRounds "5"]
[EventCountry "BRA"]
[SourceTitle "EXT 2014"]
[Source "ChessBase"]
[SourceDate "2013.11.20"]
[SourceVersion "1"]
[SourceVersionDate "2013.11.20"]
[SourceQuality "1"]

1. e4 c5 2. Nc3 Nc6 3. g3 g6 4. Bg2 Bg7 5. f4 d6 6. h3 e6 7. Nf3 Nge7 8. d3 Rb8
9. O-O O-O 10. Be3 Nd4 11. Kh1 b5 12. a3 a5 13. Rb1 Nec6 14. Ne2 Nxf3 15. Bxf3
b4 16. axb4 axb4 17. Bg2 Qb6 18. Qd2 f5 19. g4 Bd7 20. Ng3 Nd4 21. Qd1 Kh8 22.
Kh2 Ba4 23. b3 Bd7 24. Qd2 Qd8 1/2-1/2

[Event "Pindamonhangaba op"]
[Site "Pindamonhangaba"]
[Date "2011.07.17"]
[Round "4"]
[White "Supi, Luis Paulo"]
[Black "Matsuura, Everaldo"]
[Result "1/2-1/2"]
[WhiteElo "2168"]
[BlackElo "2480"]
[PlyCount "53"]
[EventDate "2011.07.15"]
[EventType "swiss"]
[EventRounds "5"]
[EventCountry "BRA"]
[SourceTitle "EXT 2014"]
[Source "ChessBase"]
[SourceDate "2013.11.20"]
[SourceVersion "1"]
[SourceVersionDate "2013.11.20"]
[SourceQuality "1"]

1. e4 d5 2. exd5 Nf6 3. d4 Nxd5 4. c4 Nb6 5. Nc3 e5 6. d5 Bb4 7. Qb3 a5 8. a3
Bxc3+ 9. Qxc3 O-O 10. Nf3 c6 11. dxc6 Nxc6 12. Be3 Qc7 13. Be2 Bg4 14. O-O Rfd8
15. Rfd1 a4 16. h3 Bh5 17. Rxd8+ Rxd8 18. g4 Bg6 19. Rd1 Rxd1+ 20. Bxd1 h5 21.
Nxe5 Qd6 22. Be2 Nxe5 23. Bxb6 hxg4 24. hxg4 Nxg4 25. Bxg4 Qxb6 26. Qe5 Qc6 27.
Qb8+ 1/2-1/2

[Event "Pindamonhangaba op"]
[Site "Pindamonhangaba"]
[Date "2011.07.17"]
[Round "5"]
[White "Oliveira, Fernando Henrique"]
[Black "Supi, Luis Paulo"]
[Result "1/2-1/2"]
[WhiteElo "2108"]
[BlackElo "2168"]
[PlyCount "48"]
[EventDate "2011.07.15"]
[EventType "swiss"]
[EventRounds "5"]
[EventCountry "BRA"]
[SourceTitle "EXT 2014"]
[Source "ChessBase"]
[SourceDate "2013.11.20"]
[SourceVersion "1"]
[SourceVersionDate "2013.11.20"]
[SourceQuality "1"]

1. d4 Nf6 2. c4 g6 3. g3 Bg7 4. Bg2 d5 5. Nc3 dxc4 6. Qa4+ Nfd7 7. Be3 O-O 8.
Qxc4 Nb6 9. Qb3 Nc6 10. Bxc6 bxc6 11. Nf3 Bh3 12. Ne5 c5 13. O-O-O cxd4 14.
Bxd4 Qe8 15. Nf3 Bh6+ 16. Be3 Bxe3+ 17. fxe3 Be6 18. Qa3 Rb8 19. b3 Qc6 20. Qa5
Bh3 21. Nd4 Qb7 22. Qc5 Bg2 23. Rhg1 Rfd8 24. Nc2 a5 1/2-1/2